00988nam a2200289Ia 4500001000700000003000500007008004100012010001100053040000900064090001700073100004200090245015800132260004700290300002000337440000500357500000500362503000500367650011500372650004200487901001600529902000600545910000900551942000800560942000800568999001900576952010300595Z_2020CHAP220113s1997 xx 000 0 und d a165093 cCHAP aFolleto 348  aMuñoz Rodríguez, Manrubio9139120 aTLC y lácteos : ¿funciona el experimento? /cpor Manrubio Muñoz Rodríguez, María del Rosario Juárez Delfina y J. Reyes Altamirano Cárdenas aChapingo, Méx. :bUACH. CIESTAAM,c1997 a18 p. : gráfs a a a aProductos lácteosxMercadeo I. Juárez Delfina, Ma. del Rosario II. Altamirano Cárdenas, J. Reyes9139121 aTratado Trilateral de Libre Comercio  aFolleto 348 aA a1997 cc14 cc14 c165093d165093 00102local40708FOLLaZbZc3d2005-11-09l0pz_A0341r2022-01-18 00:00:00t1w2022-01-18yFOLL